00298nam a2200121Ia 4500008004100000100001500041245003300056260004300089300000800132650001200140942000700152999001700159190216s9999||||xx |||||||||||||| ||und|| aAchuthan M 0aPachathya Sahithya Darshanam bSahithya Pravarthaka Sahakarana Sangam a626 aPadanam cBK c26362d26362